LEADER 01358nas a2200265 i 4500 001 000000248321 003 CaOOAMICUS 005 20160411000000.0 008 160307b2015 it uu u0 0ita r 013 $a227226 020 $a978-88-205-1075-6 040 $aSeMil$bita 245 10$a2015. 260 $aMilano :$bCisalpino, Istituto Editoriale Universitario-Monduzzi Ed.,$ccopyr. 2015. 300 $a497 p. :$bill., tabelle ;$c24 cm. 500 $aContiene : Atti della Società Storica Lombarda 2014-2015. - Sul verso del front. : Questo numero della rivista è stato realizzato grazie all'appoggio affezionato degli "Amici dell'Archivio Storico Lombardo" ... e con il sostegno di Intesa San Paolo. - Articoli con sintesi in inglese [Abstract] in coda. 700 1 $aGruppo Intesa San Paolo.$0(OLS)http://semarc/name/78806 700 1 $aAmici dell'Archivio Storico Lombardo .$0(OLS)http://semarc/name/68557 774 0 $t[vedi periodico].$w()288728 850 $aSeMil 852 $aSeMil$W1$xVenegono$y1$m1 6 21$j198667$B198667$CSeMilBibl$Z2$F210497 $85 961 $aCambio: Scuola Cattolica 996 $6020$a978-88-205-1075-6$9(OLS)http://semarc/number/257981 996 $6245$a2015$9(OLS)http://semarc/title/339775 996 $6260$aMilano :$bCisalpino, Istituto Editoriale Universitario-Monduzzi Ed.$9(OLS)http://semarc/publisher/44157 LEADER 01034nam a2200217 i 4500 001 000000067826 003 CaOOAMICUS 005 20130326000000.0 008 130326s1984 it u000 u ita u 013 $a38998 040 $aSeMil$bita 100 1 $aLonergan, Bernard J. F.,$c.$0(OLS)http://semarc/name/2591 245 10$aConoscenza e interiorità :$bil Verbum nel pensiero di S. Tommaso /$cBernard Lonergan J.F. ; a cura di Natalino Spaccapelo. 300 $a262 p. ;$c22 cm. 490 0 $aNuovi saggi teologici : collana interconfessionale per la promozione della ricerca teologica ;$v21 500 $aContiene : Bibliografia. 700 1 $aSpaccapelo, Natalino,$c.$0(OLS)http://semarc/name/19746 830 0$aNuovi saggi teologici ;$v21.$0(OLS)http://semarc/title/422386 850 $aSeMil 852 $aSeMil$W1$xVenegono$y1$m2LA N 21$j263007$B33979$CSeMilBibl$Z2$F33982 $81 996 $6245$aConoscenza e interiorità :$bil Verbum nel pensiero di S. Tommaso$9(OLS)http://semarc/title/108152 LEADER 00412nab a2200145 i 4500 001 000000273185 003 CaOOAMICUS 005 20190415110635.0 008 100607n xx uu u0 0und r 013 $a21346 040 $aSeMil$bita 245 10$aGennaio-Aprile. 773 0 $tAnno 2010.$dRoma : Soc. Ed. Dante Alighieri, 2010.$w()190312 996 $6245$aGennaio-Aprile$9(OLS)http://semarc/title/421149